Worst Animated Movies by Studio - Statistics

General Stats
  • This quiz has been taken 28 times
  • The average score is 9 of 30
Answer Stats
Hint Answer % Correct
Pixar Cars
62%
DreamWorks Shrek the Third
62%
Pixar Cars 2
58%
Pixar Cars 3
58%
Illumination Minions
54%
Illumination Despicable Me 3
46%
Illumination Despicable Me 4
46%
Disney Chicken Little
38%
Disney Home on the Range
38%
Illumination Hop
38%
DreamWorks Shark Tale
38%
Sony The Emoji Movie
38%
Pixar Elemental
35%
Disney Wish
35%
Disney Atlantis: The Lost Empire
31%
Sony The Smurfs
27%
Sony The Smurfs 2
27%
Studio Ghibli Earwig and the Witch
23%
Illumination The Lorax
23%
Disney Brother Bear
19%
Pixar Lightyear
19%
Studio Ghibli Pom Poko
15%
Studio Ghibli The Cat Returns
15%
Studio Ghibli My Neighbors the Yamadas
8%
DreamWorks Sinbad: Legend of the Seven Seas
8%
Sony Smurfs: The Lost Village
8%
Studio Ghibli Tales from Earthsea
8%
DreamWorks Spirit Untamed
4%
DreamWorks The Boss Baby: Family Business
4%
Sony The Star
0%
No matching quizzes found
Score Distribution
Percent of People with Each Score
Percentile by Number Answered
Your Score History
You have not taken this quiz